Letters of the Greek alphabet - Statistics

General Stats
  • This quiz has been taken 8,018 times
  • The average score is 18 of 24
Answer Stats
Hint Answer % Correct
Α α Alpha
100%
Β β Beta
99%
Δ δ Delta
94%
Ω ω Omega
94%
Γ γ Gamma
90%
Π π Pi
88%
Ε ε Epsilon
86%
Ζ ζ Zeta
84%
Θ θ Theta
82%
Σ σ Sigma
79%
Μ μ Mu
77%
Κ κ Kappa
76%
Φ φ Phi
74%
Λ λ Lambda
72%
Ν ν Nu
68%
Ι ι Iota
64%
Ρ ρ Rho
64%
Ψ ψ Psi
63%
Ο ο Omicron
62%
Τ τ Tau
61%
Χ χ Chi
60%
Η η Eta
60%
Ξ ξ Xi
59%
Υ υ Upsilon
57%
No matching quizzes found
Score Distribution
Percent of People with Each Score
Percentile by Number Answered
Your Score History
You have not taken this quiz